Текст томруулах:    
Tools for teaching (Бичлэгийн дугаар. 146048)
000 -УДИРДЛАГА
Удирдлага 00929nam a22003257a 4500
003 - ХЯНАЛТЫН ТОО ТОДОРХОЙЛОГЧ
Код MN-UlNUM
005 - БИЧИЛТ ХИЙСЭН ОГНОО
Тухайн бичилтийг бичсэн засварласан сүүлийн огноо 20260102112700.0
008 - ЕРӨНХИЙ МЭДЭЭЛЭЛ
Ерөнхий мэдээлэл 260102s1993 cau|bf|| |||| 001 0 eng |
020 ## - ISBN
ISBN 1555425682
040 ## - БИЧЛЭГ ҮҮСГЭГЧ БАЙГУУЛЛАГА
Бичлэг үүсгэгч номын сангийн код МУИС-ийн номын сан
084 ## - ББК АНГИЛАЛ
Нэмэлт тусгалт Бусад
ББК ангилал 74.58
Зохиогчийн гурван тэмдэгт D 26
Мэдлэгийн ялгаа 74 - Боловсрол
100 1# - ЗОХИОГЧ
Зохиогчийн нэр Davis, Barbara Gross.
245 10 - ҮНДСЭН ГАРЧИГ
Номын нэр Tools for teaching
Оролцогчдын тухай мэдээ Barbara Gross Davis.
250 ## - ДАХИН ХЭВЛЭЛТ
Дахин гаралтын дугаар 1st ed.
260 ## - ГАРАЛТЫН МЭДЭЭ
Хэвлэгдсэн газар San Francisco :
Хэвлэлийн газар Jossey-Bass Publishers,
Хэвлэгдсэн он 1993.
300 ## - МАТЕРИАЛЫН ТОДОРХОЙЛОЛТ
хуудасны тоо xxv, 429 p. ;
Хэмжээ 23 cm.
500 ## - Тайлбар
Дансны дугаар БС 4807
546 ## - ХЭЛНИЙ ТУХАЙ МЭДЭЭ
Хэл Англи хэл дээр,
653 ## - Түлхүүр үг
Түлхүүр үг college teaching
653 ## - Түлхүүр үг
Түлхүүр үг classroom management
653 ## - Түлхүүр үг
Түлхүүр үг curriculum planning
653 ## - Түлхүүр үг
Түлхүүр үг handbooks, manuals,
740 ## - НОМЫН ГАРЧИГ
Гарчиг Getting Under Way
740 ## - НОМЫН ГАРЧИГ
Гарчиг Responding to a Diverse Student Body
740 ## - НОМЫН ГАРЧИГ
Гарчиг Discussion Strategies
740 ## - НОМЫН ГАРЧИГ
Гарчиг Lecture Strategies
942 ## - ЭЛЕМЕНТИЙН ТӨРӨЛ
Зүйлийн төрөл Ном